Statistics for Every English Premier League Team Ever

Click here to take the quiz!

General Stats

  • This quiz has been taken 100 times
  • The average score is 43 of 50

Answer Stats

TeamYear(s)% Correct
Manchester United1992–
99%
Liverpool1992–
98%
Manchester City1992–1996 | 2000-2001 | 2002-
98%
Arsenal1992–
97%
Fulham2001–2014 | 2018-2019 | 2020-2021 | 2022-
96%
Newcastle United1993–2009 | 2010-2016 | 2017-
96%
Tottenham Hotspur1992–
96%
West Ham United1993–2003 | 2005-2011 | 2012-
96%
Bournemouth2015–2020 | 2022-
95%
Chelsea1992–
95%
Everton1992–
95%
Wolverhampton Wanderers2003–2004 | 2009-2012 | 2018-
95%
Aston Villa1992–2016 | 2019-
94%
Leicester City1994–1995 | 1996-2002 | 2003-2004 | 2014-
94%
Norwich City1992–1995 | 2004-2005 | 2011-2014 | 2015-2016 | 2019-2020 | 2021-2022
94%
Brentford2021–
93%
Brighton & Hove Albion2017–
93%
Leeds United1992–2004 | 2020-
93%
Southampton1992–2005 | 2012-
93%
Watford1999–2000 | 2006-2007 | 2015-2020 | 2021-2022
91%
West Bromwich Albion2002–2003 | 2004-2006 | 2008-2009 | 2010-2018 | 2020-2021
91%
Nottingham Forest1992–1993 | 1994-1997 | 1998-1999 | 2022-
90%
Sunderland1996–1997 | 1999-2003 | 2005-2006 | 2007-2017
90%
Blackburn Rovers1992–1999 | 2001-2012
89%
Cardiff City2013–2014 | 2018-2019
89%
Queens Park Rangers1992–1996 | 2011-2013 | 2014-2015
89%
Crystal Palace1992–1993 | 1994-1995 | 1997-1998 | 2004-2005 | 2013-
88%
Swansea City2011–2018
88%
Burnley2009–2010 | 2014-2015 | 2016-2022
86%
Sheffield United1992–1994 | 2006-2007 | 2019-2021
86%
Stoke City2008–2018
86%
Middlesbrough1992–1993 | 1995-1997 | 1998-2009 | 2016-2017
84%
Derby County1996–2002 | 2007-2008
83%
Huddersfield Town2017–2019
83%
Sheffield Wednesday1992–2000
83%
Bolton Wanderers1995–1996 | 1997-1998 | 2001-2012
82%
Hull City2008–2010 | 2013-2015 | 2016-2017
82%
Birmingham City2002–2006 | 2007-2008 | 2009-2011
79%
Blackpool2010–2011
79%
Wigan Athletic2005–2013
78%
Ipswich Town1992–1995 | 2000-2002
77%
Portsmouth2003–2010
77%
Reading2006–2008 | 2012-2013
73%
Wimbledon1992–2000
73%
Charlton Athletic1998–1999 | 2000-2007
72%
Coventry City1992–2001
67%
Barnsley1997–1998
66%
Bradford City1999–2001
65%
Oldham Athletic1992–1994
63%
Swindon Town1993–1994
61%

Score Distribution

Percentile by Number Answered

Percent of People with Each Score

Your Score History

You have not taken this quiz